| 000 | 00957nam a22002417a 4500 | ||
|---|---|---|---|
| 003 | OSt | ||
| 005 | 20260210093428.0 | ||
| 008 | 240924b ||||| |||| 00| 0 eng d | ||
| 040 | _c0 | ||
| 082 | _aDPer 371.206005 J826 Summer-Fall 2022 v. 48 n. 1-2 | ||
| 100 |
_aRush, Alyssa. _eauthor. _961613 |
||
| 245 |
_aFacilities spending and student learning outcomes in New Jersey / _cAlyssa Rush, Rafael Inoa, and Soundaram Ramaswami. |
||
| 260 |
_aIllinois ; _bUniversity of Illinois Press , _cSummer 2022. |
||
| 300 |
_aVolume 115, pages 34-53 : _billustration ; _c26 cm. |
||
| 500 | _aJournal of Education Finance, vol. 48, no.1, pages 34-53, Summer 2022. | ||
| 650 | 0 |
_aAcademic achievement. _941482 |
|
| 650 | 0 |
_aEducational discrimination. _964879 |
|
| 650 | 0 |
_aEducational finance. _964880 |
|
| 700 |
_aRush, Alyssa. _eauthor. _961613 |
||
| 700 |
_aInoa, Rafael. _eauthor. _961614 |
||
| 700 |
_aRamaswami, Soundaram. _eauthor. _961615 |
||
| 942 |
_2ddc _cPER |
||
| 999 |
_c21841 _d21841 |
||